Statystyki dla 15 największych miast Królestwa Kongresowego

Kliknij tutaj aby rozwiązać quiz!

Ogólne statystyki

  • Ten quiz został rozwiązany 91 razy
  • Średni wynik to 9 z 15

Statystyki odpowiedzi

LudnośćMiasto% Poprawnych
683 692Warszawa
100%
314 020Łódź
88%
50 385Lublin
84%
23 178Kielce
76%
26 996Płock
76%
29 896Radom
76%
45 045Częstochowa
64%
31 182Piotrków
58%
24 418Kalisz
57%
26 234Siedlce
54%
22 648Suwałki
51%
26 093Łomża
45%
22 907Włocławek
41%
26 765Pabianice
35%
23 757Będzin
8%

Rozkład punktacji

Percentyl według liczby udzielonych odpowiedzi

Procent ludzi z każdym wynikiem

Twoja historia wyników

Nie rozwiązałeś tego quizu